[Event "Camaguey 503 op"]
[Site "Camaguey"]
[Date "2017.02.01"]
[Round "1.4"]
[White "Gonzalez Pina, Evelyn"]
[Black "Ramos Lopez, Idara"]
[Result "0-1"]
[WhiteElo "1690"]
[BlackElo "1936"]
[PlyCount "74"]
[EventDate "2017.02.01"]
[EventType "swiss"]
[EventRounds "9"]
[EventCountry "CUB"]
[SourceTitle "EXT 2023"]
[Source "ChessBase"]
[SourceDate "2022.10.05"]
[SourceVersion "1"]
[SourceVersionDate "2022.10.05"]
[SourceQuality "1"]

1. e4 c5 2. Nf3 a6 3. d4 cxd4 4. Nxd4 Nf6 5. Nc3 e5 6. Nb3 Bb4 7. Bg5 0-0 8. Qf3 Bxc3+ 9. bxc3 d6 10. Bxf6 Qxf6 11. Qxf6 gxf6 12. Bd3 Be6 13. c4 Nc6 14. Ke2 a5 15. a4 Nb4 16. Rab1 Rfc8 17. Nd2 Rc7 18. Rb2 Na6 19. Ra1 Nc5 20. Nb1 Nd7 21. Na3 Kf8 22. g3 Rc6 23. f4 Nb6 24. f5 Bxc4 25. Nxc4 Nxc4 26. Rxb7 Nb6 27. Ra2 d5 28. Bb5 Rd6 29. exd5 Nxd5 30. Ra3 Rad8 31. g4 Nb4 32. c3 Rd2+ 33. Kf3 Nc2 34. Rb3 Ne1+ 35. Kg3 Rg2+ 36. Kh3 Rdd2 37. Rb8+ Kg7 0-1

[Event "Camaguey 503 op"]
[Site "Camaguey"]
[Date "2017.02.01"]
[Round "2.2"]
[White "Ramos Lopez, Idara"]
[Black "Medina Mulgado, Lien"]
[Result "1-0"]
[WhiteElo "1936"]
[BlackElo "1422"]
[PlyCount "65"]
[EventDate "2017.02.01"]
[EventType "swiss"]
[EventRounds "9"]
[EventCountry "CUB"]
[SourceTitle "EXT 2023"]
[Source "ChessBase"]
[SourceDate "2022.10.05"]
[SourceVersion "1"]
[SourceVersionDate "2022.10.05"]
[SourceQuality "1"]

1. e4 c5 2. Nf3 e6 3. d4 cxd4 4. Nxd4 a6 5. Bd3 Bc5 6. Nb3 Be7 7. 0-0 Qc7 8. Be3 Nf6 9. f4 d6 10. N1d2 0-0 11. Kh1 Nbd7 12. Qf3 b6 13. Qh3 e5 14. f5 Bb7 15. c4 Rfd8 16. g4 Nc5 17. Nxc5 dxc5 18. g5 Ne8 19. f6 Bf8 20. fxg7 Bxg7 21. Rf3 Bc8 22. Qh5 Be6 23. Bf1 Nd6 24. Bh3 Qe7 25. Raf1 Rf8 26. Bf5 Nxf5 27. exf5 Bxf5 28. Rxf5 Qb7+ 29. Qf3 Qc7 30. Ne4 Rae8 31. Nf6+ Bxf6 32. gxf6 Kh8 33. Qe4 1-0